Especies invasoras España por imagen - Estadísticas

Estadísticas generales
  • Esta prueba ha sido intentada 27 veces
  • La puntuación promedio es 6 de 16
Estadísticas de respuestas
Imagen Respuesta % Correcto
Mapache
95%
Siluro
59%
Cotorra argentina
55%
Pitón real
55%
Cangrejo de río americano
50%
Cerdo vietnamita
36%
Ibis sagrado
36%
Caracol gigante africano
32%
Visón americano
32%
Tortuga pintada
27%
Barnacla canadiense
18%
Coatí
18%
Arruí
14%
Coipú
14%
Gambusia
14%
Ganso del nilo
9%
No se encontraron pruebas coincidentes
Distribución de puntuación
Porcentaje de gente con cada puntuación
Porcentaje por número respondido
Historial de tus puntuaciones
No has intentado esta prueba.